LEADER 01004nam a2200253 i 4500 001 000000251147 003 CaOOAMICUS 005 20160908000000.0 008 160908s2008 it u000 u ita u 013 $a230052 020 $a978-88-8477-162-9 040 $aSeMil$bita 100 1 $aBianchessi, Teresio.$0(OLS)http://semarc/name/73832 245 10$a101 proverbi padani :$bperle di saggezza contadina /$cTeresio Bianchessi. 250 $aNuova edizione ampliata. 2. Edizione. 260 $aSaronno :$bMonti,$c2008. 300 $a151 p. :$bill. ;$c21 cm. 650 4$aProverbi padani.$0(OLS)http://semarc/subject/43002 850 $aSeMil 852 $aSeMil$W1$xVenegono$y1$m1A II 146$j201493$B201493$CSeMilBibl$Z2$F213452 $81 961 $aOmaggio: Altro 996 $6020$a978-88-8477-162-9$9(OLS)http://semarc/number/261915 996 $6245$a101 proverbi padani :$bperle di saggezza contadina$9(OLS)http://semarc/title/353273 996 $6260$aSaronno :$bMonti$9(OLS)http://semarc/publisher/31680 LEADER 01503nam a2200265 i 4500 001 000000198599 003 CaOOAMICUS 005 20110307000000.0 008 110307s1968 fr u000 u mul u 013 $a177287 040 $aSeMil$bita 100 1 $aCeyssens, Lucien,$c.$0(OLS)http://semarc/name/10016 245 10$aSources relatives a l'Histoire du Jansénisme et de l'Antijansénisme des Années 1661-1672 /$cLucien Ceyssens ; avec la collaboration de Sylvestre de Munter. 260 $aLouvain :$bBureau de la revue d'histoire ecclésiastique,$c1968. 260 $aLouvain :$bPublications Universitaires de Louvain,$c1968. 300 $aLXXXVI, 620 p. ;$c26 cm. 490 0 $aBibliothèque de la Revue d'histoire ecclésiastique ;$vFascicule45 650 4$aBelgio - Storia religiosa.$0(OLS)http://semarc/subject/9369 700 1 $aMunter, Sylvestre : de .$0(OLS)http://semarc/name/28650 830 0$aBibliothèque de la Revue d'histoire ecclésiastique ;$vFascicule45.$0(OLS)http://semarc/title/19830 850 $aSeMil 852 $aSeMil$W1$xVenegono$y1$m3F IV 738$j243524$B149155$CSeMilBibl$Z2$F160560 $81 996 $6245$aSources relatives a l'Histoire du Jansénisme et de l'Antijansénisme des Années 1661-1672$9(OLS)http://semarc/title/287029 996 $6260$aLouvain :$bPublications Universitaires de Louvain$9(OLS)http://semarc/publisher/33199 996 $6260$aLouvain :$bBureau de la revue d'histoire ecclésiastique$9(OLS)http://semarc/publisher/34047